|
|
|
|
| LEADER |
00000naa2a2200000 4500 |
| 001 |
239437 |
| 005 |
20250712062927.0 |
| 035 |
|
|
|a (RuTPU)RU\TPU\book\260656
|
| 035 |
|
|
|a RU\TPU\book\253610
|
| 090 |
|
|
|a 239437
|
| 100 |
|
|
|a 20130607d2008 k y0engy50 ba
|
| 101 |
0 |
|
|a eng
|
| 102 |
|
|
|a RU
|
| 200 |
1 |
|
|a Study of the dynamics of hydrogen accumulation in 12H12M1BFR steel
|f A. M. Hashhash [et al.]
|
| 320 |
|
|
|a References: 7 tit.
|
| 330 |
|
|
|a С применением метода термич. десорбции в сочетании с масс-спектрометрией исследовано поглощение водорода сталью 12H12M1BFR при катодной поляризации в течение от 2 до 74 ч. при плотности тока 0,5 А/см2 в 1 М р-рах Н2SO4 в обычной и в тяжелой воде. Количество поглощенного сталью водорода увеличивалось линейно в зависимости от времени в течение первых 50 ч. поляризации, а в дальнейшем увеличивалось более медленно и достигало насыщения. Водород, поглощенный сталью в течение первых 48 ч. поляризации, десорбировался при т-рах 400-500 °C, поглощенный при более длительной поляризации - при т-рах 800-900 °C
|
| 463 |
|
1 |
|0 144986
|t 9th International Conference on Modification of Materials with Particle Beams and Plasma Flows, Tomsk, 21-21September 2008
|9 th International Conference on Modification of Materials with Particle Beams and Plasma Flows, Tomsk, 21-21September 20082008
|p 733 p.
|9 144986
|a Koval, N. N. (specialist in the field of electronics ; 1948-)
|c Tomsk
|l [9 Международная конференция по модификации материалов пучками частиц и плазменными потоками, Томск, 21-26 сентября 2008 г.]
|n Publishing house of the IAO SB RAS
|o proceedings
|v P. 395-397
|y 9785944580900
|
| 610 |
1 |
|
|a труды учёных ТПУ
|
| 701 |
|
1 |
|a Hashhash
|b A. M.
|
| 701 |
|
1 |
|a Nikitenkov
|b N. N.
|c Russian physicist
|c Professor of Tomsk Polytechnic University, Doctor of Physical and Mathematical Sciences
|f 1953-
|g Nikolai Nikolaevich
|3 (RuTPU)RU\TPU\pers\30409
|
| 701 |
|
1 |
|a Chernov
|b I. P.
|c Doctor of Physical and Mathematical Sciences (DSc), Professor of the Department of General Physics of Tomsk Polytechnic University (TPU)
|f 1935-
|g Ivan Petrovich
|3 (RuTPU)RU\TPU\pers\30202
|9 14596
|
| 701 |
|
1 |
|a Tyurin
|b Yu. I.
|c physicist
|c Professor of Tomsk Polytechnic University, Doctor of physical and mathematical sciences (DSc).
|f 1950-
|g Yuri Ivanovich
|3 (RuTPU)RU\TPU\pers\29895
|9 14367
|
| 701 |
|
1 |
|a Lider
|b A. M.
|c Physicist
|c Professor of Tomsk Polytechnic University, Doctor of Technical Sciences
|f 1976-2025
|g Andrey Markovich
|y Tomsk
|3 (RuTPU)RU\TPU\pers\30400
|9 14743
|
| 801 |
|
1 |
|a RU
|b 63413507
|c 20091014
|
| 801 |
|
2 |
|a RU
|b 63413507
|c 20130607
|g RCR
|
| 942 |
|
|
|c BK
|